00485pab a2200145 454500008004000000100002200040245016200062260000900224300001300233362000800246650002000254700002100274700002400295773002000319180718b2001 xxu||||| |||| 00| 0 eng d aChernouss, Sergey aGeophysical hazard for human health in the circumpolar Auroral belt: evidence of a relationship between heart rate variation and electromagnetic disturbances c2001 ap.121-35 aMar aHealth services aVlassova, Elvira aVinogradov, Anatoly aNatural Hazards